[Event "chess.com IoM Masters"]
[Site "Douglas ENG"]
[Date "2017.09.23"]
[Round "1.58"]
[White "Pranav, Anand"]
[Black "Visakh, N R"]
[Result "0-1"]
[BlackTitle "IM"]
[WhiteElo "2105"]
[BlackElo "2458"]
[WhiteFideId "46626786"]
[BlackFideId "25012223"]
[EventDate "2017.09.23"]

1. d4 Nf6 2. c4 e6 3. Nc3 Bb4 4. e3 O-O 5. Ne2 d5 6. a3 Be7 7. cxd5 exd5 8. Nf4
a5 9. Bd3 c6 10. O-O Na6 11. b3 Nc7 12. Bb2 Ne6 13. Nxe6 Bxe6 14. h3 Bd6 15. f4
Re8 16. Qc2 Qe7 17. Rf3 b5 18. g4 Bd7 19. Bf1 h6 20. a4 b4 21. Ne2 Ne4 22. Ng3
Qh4 23. Nxe4 Rxe4 24. Bd3 Re7 25. Bf5 Bxf5 26. Qxf5 Rae8 27. Qd3 g5 28. Raf1
gxf4 29. exf4 Bxf4 30. Qf5 Be3+ 31. Kh1 Bg5 32. Ba1 Kg7 33. Qc2 Kg8 34. Qf5 Rf8
35. Bb2 Rd8 36. Bc1 Bxc1 37. Rxc1 Rd6 38. Rcf1 Rde6 39. R1f2 Qg5 40. Qxg5+ hxg5
41. Rf5 Re3 42. Rxg5+ Kf8 43. Rg6 Rc7 44. Kg2 Rxb3 45. h4 Rb2 46. Rxb2 fxg6 47.
Rc2 b3 48. Rb2 Rb7 49. Kf3 Ke7 50. Kf4 Kd6 51. Kg5 c5 52. dxc5+ Kxc5 53. Kxg6
Kc4 54. h5 Kc3 55. Rb1 d4 56. h6 d3 57. h7 Rxh7 58. Kxh7 d2 59. g5 Kc2 60. Rxb3
Kxb3 0-1

[Event "chess.com IoM Masters"]
[Site "Douglas ENG"]
[Date "2017.09.23"]
[Round "1.64"]
[White "Rakesh, Kumar Jena"]
[Black "Woellermann, Jan"]
[Result "0-1"]
[WhiteTitle "FM"]
[WhiteElo "2418"]
[BlackElo "2384"]
[WhiteFideId "5084822"]
[BlackFideId "24661155"]
[EventDate "2017.09.23"]

1. Nf3 d5 2. g3 g6 3. Bg2 Bg7 4. O-O e5 5. c4 c6 6. cxd5 cxd5 7. Qa4+ Nc6 8. d4
e4 9. Ne5 Ne7 10. Bg5 Qa5 11. Qxa5 Nxa5 12. Bxe7 Kxe7 13. Nc3 Be6 14. f3 f6 15.
Ng4 f5 16. Ne5 Bxe5 17. dxe5 Nc4 18. f4 a6 19. Rfc1 Rac8 20. b3 Ne3 21. Kf2 d4
22. Na4 Nc2 23. Rab1 Rc6 24. Rb2 Rhc8 25. Nb6 R8c7 26. Nc4 Na3 27. Rd1 Nxc4 28.
bxc4 Rxc4 0-1

[Event "chess.com IoM Masters"]
[Site "Douglas ENG"]
[Date "2017.09.24"]
[Round "2.6"]
[White "Visakh, N R"]
[Black "Eljanov, Pavel"]
[Result "0-1"]
[WhiteTitle "IM"]
[BlackTitle "GM"]
[WhiteElo "2458"]
[BlackElo "2734"]
[WhiteFideId "25012223"]
[BlackFideId "14102951"]
[EventDate "2017.09.23"]

1. d4 Nf6 2. c4 e6 3. Nf3 d5 4. Nc3 Nbd7 5. Bg5 h6 6. Bh4 Bb4 7. cxd5 exd5 8.
Rc1 c6 9. e3 g5 10. Bg3 Ne4 11. Nd2 Nxg3 12. hxg3 Nf6 13. Be2 Qe7 14. Qc2 Bd7
15. a3 Ba5 16. Nf3 Ng4 17. b4 Bb6 18. e4 dxe4 19. Qxe4 Nf6 20. Qd3 O-O-O 21. Na4
Rhe8 22. Nxb6+ axb6 23. Ne5 Ng4 24. Nxd7 Qxd7 25. Kf1 Kb8 26. Kg1 Rxe2 27. Qxe2
Qxd4 28. Rf1 c5 29. bxc5 bxc5 30. Rh5 c4 31. Rc1 c3 32. Qc2 Rd6 33. a4 Qc5 34.
Kh1 Rd2 35. Qh7 c2 0-1

[Event "chess.com IoM Masters"]
[Site "Douglas ENG"]
[Date "2017.09.24"]
[Round "2.7"]
[White "Vallejo Pons, Francisco"]
[Black "Panchanathan, Magesh Chandran"]
[Result "1-0"]
[WhiteTitle "GM"]
[BlackTitle "GM"]
[WhiteElo "2716"]
[BlackElo "2481"]
[WhiteFideId "2205530"]
[BlackFideId "5007429"]
[EventDate "2017.09.23"]

1. e4 e5 2. Nf3 Nc6 3. Bb5 a6 4. Ba4 Nf6 5. O-O Be7 6. Re1 b5 7. Bb3 d6 8. c3
O-O 9. h3 Nb8 10. d4 Nbd7 11. Nbd2 Bb7 12. Bc2 Re8 13. Nf1 Bf8 14. Ng3 g6 15.
Bg5 Bg7 16. Qd2 c6 17. Rad1 Qe7 18. b3 Nf8 19. Bh6 Bxh6 20. Qxh6 Kh8 21. a4 Bc8
22. c4 bxc4 23. bxc4 c5 24. dxe5 dxe5 25. Ne2 Ng8 26. Qd2 a5 27. Nc3 Nf6 28. Rb1
Kg7 29. Nd5 Nxd5 30. cxd5 Qd6 31. Qc3 Nd7 32. Nd2 Ba6 33. Qxa5 Reb8 34. Qc3 Rb4
35. Rec1 Rab8 36. Rxb4 cxb4 37. Qc6 Qxc6 38. dxc6 Nc5 39. Bb3 Nd3 40. Rc2 Kf8
41. Nc4 Bxc4 42. Rxc4 Ke7 43. Rc2 Nf4 44. a5 Ne6 45. Bxe6 Kxe6 46. c7 Rc8 47.
Rb2 Rxc7 48. Rxb4 Rc1+ 49. Kh2 Ra1 50. Rb6+ Ke7 51. a6 Kf8 52. g4 g5 53. Kg2 Ra3
54. f3 Ke7 55. Kf2 f6 56. Ke2 h6 57. Rb7+ Kd6 58. Rb6+ Ke7 59. Rc6 Kf7 60. Rc7+
Ke6 61. a7 Kd6 62. Rf7 Ra2+ 63. Kd3 Kc5 64. Rxf6 Rxa7 65. Rxh6 Ra3+ 66. Ke2 Ra2+
67. Ke3 Ra3+ 68. Kf2 1-0

[Event "chess.com IoM Masters"]
[Site "Douglas ENG"]
[Date "2017.09.24"]
[Round "2.8"]
[White "Howell, David W L"]
[Black "Batsiashvili, Nino"]
[Result "1/2-1/2"]
[WhiteTitle "GM"]
[BlackTitle "IM"]
[WhiteElo "2701"]
[BlackElo "2472"]
[WhiteFideId "410608"]
[BlackFideId "13602993"]
[EventDate "2017.09.23"]

1. Nf3 d5 2. g3 Nf6 3. Bg2 e6 4. O-O b5 5. d3 Be7 6. c4 bxc4 7. dxc4 O-O 8. cxd5
Nxd5 9. Qc2 Bb7 10. Rd1 Nd7 11. Nc3 c5 12. Bd2 Rc8 13. Rac1 N7f6 14. Nxd5 exd5
15. Nh4 g6 16. Bg5 Re8 17. Qb3 Qb6 18. Rc2 Rcd8 19. Nf3 Ba8 20. Qxb6 axb6 21. e3
Ne4 22. Bxe7 Rxe7 23. Nd2 Red7 24. a4 Nxd2 25. Rdxd2 d4 26. Bxa8 Rxa8 27. Rc4
Rda7 28. b3 dxe3 29. fxe3 h5 30. Kf2 Kg7 31. Rc3 Rb8 32. Rd5 Rbb7 33. e4 Re7 34.
Kf3 Re6 35. e5 Rae7 36. a5 bxa5 37. Rcxc5 Rb6 38. Rb5 Rxb5 39. Rxb5 Ra7 40. Rb6 1/2-1/2

[Event "chess.com IoM Masters"]
[Site "Douglas ENG"]
[Date "2017.09.24"]
[Round "2.10"]
[White "Wallace, John Paul"]
[Black "Sutovsky, Emil"]
[Result "1/2-1/2"]
[WhiteTitle "IM"]
[BlackTitle "GM"]
[WhiteElo "2413"]
[BlackElo "2683"]
[WhiteFideId "3200957"]
[BlackFideId "2802007"]
[EventDate "2017.09.23"]

1. Nf3 Nf6 2. g3 g6 3. b3 d5 4. Bb2 c5 5. c4 d4 6. b4 Qb6 7. Qb3 Nc6 8. b5 Na5
9. Qc2 a6 10. a4 Qe6 11. d3 b6 12. Bg2 Bb7 13. Nbd2 Bh6 14. Rd1 axb5 15. axb5
O-O 16. O-O Ra7 17. Rfe1 Qf5 18. h3 Nd7 19. e3 dxe3 20. fxe3 Qe6 21. e4 f6 22.
Nf1 Qd6 23. e5 fxe5 24. Nxe5 Bxg2 25. Kxg2 Bg7 26. Nxd7 Rxd7 27. Bxg7 Kxg7 28.
Ne3 e6 29. Ng4 Rdf7 30. Qb2+ Qd4 31. Qxd4+ cxd4 32. Rxe6 h5 33. Nh2 Rf2+ 34. Kg1
R2f6 35. Rxf6 Rxf6 36. Kg2 Re6 37. Nf3 Nb3 38. Rb1 Nc5 39. Nxd4 Re3 40. Rd1 Nxd3
41. Ne6+ Kf7 42. Nc7 Ne5 43. Rf1+ Kg8 44. Rf6 Re2+ 45. Kf1 Rc2 46. Rxb6 Nxc4 47.
Rxg6+ Kf7 48. Rh6 Ne3+ 49. Kg1 Rg2+ 50. Kh1 Rf2 51. Rxh5 1/2-1/2

[Event "chess.com IoM Masters"]
[Site "Douglas ENG"]
[Date "2017.09.24"]
[Round "2.12"]
[White "Degtiarev, Evgeny"]
[Black "Kasimdzhanov, Rustam"]
[Result "0-1"]
[WhiteTitle "IM"]
[BlackTitle "GM"]
[WhiteElo "2412"]
[BlackElo "2676"]
[WhiteFideId "4149610"]
[BlackFideId "14200244"]
[EventDate "2017.09.23"]

1. d4 Nf6 2. c4 g6 3. Nc3 d5 4. cxd5 Nxd5 5. e4 Nxc3 6. bxc3 Bg7 7. Qa4+ Nd7 8.
Nf3 O-O 9. Bg5 c5 10. Rc1 a6 11. Qa3 Qc7 12. Bd3 b5 13. Bxe7 Re8 14. Bxc5 Nxc5
15. Qxc5 Qxc5 16. dxc5 Bb7 17. O-O Bxe4 18. Rfd1 Rac8 19. Bxe4 Rxe4 20. h4 h6
21. h5 gxh5 22. Nd2 Ra4 23. c4 Rxc5 24. cxb5 Rxb5 25. Nb1 Rb2 26. a3 Rd4 27. Rf1
h4 28. Rc3 Rd8 29. Rh3 Rc8 30. Rd1 Be5 31. Rxh4 Rcb8 32. Nd2 Rxd2 0-1

[Event "chess.com IoM Masters"]
[Site "Douglas ENG"]
[Date "2017.09.24"]
[Round "2.13"]
[White "Fressinet, Laurent"]
[Black "Yankelevich, Lev"]
[Result "1-0"]
[WhiteTitle "GM"]
[BlackTitle "IM"]
[WhiteElo "2657"]
[BlackElo "2443"]
[WhiteFideId "608742"]
[BlackFideId "24684074"]
[EventDate "2017.09.23"]

1. e4 e5 2. Nf3 Nc6 3. Bb5 Nf6 4. d3 Bc5 5. c3 O-O 6. O-O d6 7. h3 Ne7 8. d4 Bb6
9. Re1 d5 10. Nxe5 Nxe4 11. Nd2 Nd6 12. Bf1 f6 13. Nd3 Ng6 14. Nf3 Ne4 15. Nf4
Nxf4 16. Bxf4 Bf5 17. Bd3 Qd7 18. a4 c6 19. Nh4 Be6 20. a5 Bd8 21. Nf3 Nd6 22.
a6 b6 23. Qc2 Bf5 24. Bxd6 Bxd3 25. Qxd3 Qxd6 26. Re3 Be7 27. Rae1 Rf7 28. Qe2
Bf8 29. Re8 Rxe8 30. Qxe8 Rd7 31. Re6 Qc7 32. Qa8 c5 33. Re8 Qd6 34. Ne5 Rc7 35.
Rd8 Qe7 36. Qxd5+ Kh8 37. Qa8 Kg8 38. Re8 Qd6 39. Nc4 1-0

[Event "chess.com IoM Masters"]
[Site "Douglas ENG"]
[Date "2017.09.24"]
[Round "2.14"]
[White "Roberson, Peter T"]
[Black "Granda Zuniga, Julio E"]
[Result "0-1"]
[WhiteTitle "IM"]
[BlackTitle "GM"]
[WhiteElo "2403"]
[BlackElo "2653"]
[WhiteFideId "412384"]
[BlackFideId "3800024"]
[EventDate "2017.09.23"]

1. e4 e5 2. Nf3 Nc6 3. Bc4 Nf6 4. d4 exd4 5. e5 d5 6. Bb5 Ne4 7. Nxd4 Bd7 8.
Bxc6 bxc6 9. O-O Bc5 10. Be3 Bb6 11. Nd2 Qh4 12. f4 Bg4 13. Qc1 c5 14. N4f3 Bxf3
15. Rxf3 O-O 16. c4 c6 17. Rh3 Qe7 18. cxd5 cxd5 19. Nxe4 dxe4 20. Qc4 Qb7 21.
f5 Rfe8 22. e6 Rad8 23. Re1 fxe6 24. Bxc5 Bxc5+ 25. Qxc5 Rd5 26. Qc4 exf5 27.
Rd1 Rd8 28. Rb3 Qf7 29. Rxd5 Qxd5 30. Qxd5+ Rxd5 31. Rb8+ Kf7 32. Rb7+ Kf6 33.
Rxa7 Rd1+ 34. Kf2 Rd2+ 35. Ke3 Rxb2 36. g4 fxg4 37. Kxe4 Rf2 38. a4 h5 39. a5
Rxh2 40. Ra8 Kg5 0-1

[Event "chess.com IoM Masters"]
[Site "Douglas ENG"]
[Date "2017.09.24"]
[Round "2.16"]
[White "Houska, Jovanka"]
[Black "Sargissian, Gabriel"]
[Result "1/2-1/2"]
[WhiteTitle "IM"]
[BlackTitle "GM"]
[WhiteElo "2393"]
[BlackElo "2652"]
[WhiteFideId "405094"]
[BlackFideId "13300881"]
[EventDate "2017.09.23"]

1. d4 Nf6 2. Nf3 e6 3. c4 b6 4. g3 Ba6 5. b3 Bb4+ 6. Bd2 Be7 7. Nc3 d5 8. cxd5
exd5 9. Bg2 O-O 10. O-O Nbd7 11. Bc1 Bb4 12. Bb2 Re8 13. Re1 Ne4 14. Rc1 Bb7 15.
e3 Ndf6 16. Ne5 Nxc3 17. Bxc3 Ba3 18. Rc2 Ne4 19. Bb2 Bd6 20. Qc1 Qe7 21. f3 Ng5
22. h4 Ne6 23. f4 Nd8 24. Qd1 f6 25. Nd3 Nf7 26. g4 Nh6 27. Bf3 Qf7 28. Bc1 Re7
29. Qd2 Rae8 30. Qg2 Kh8 31. h5 g6 32. hxg6 Qxg6 33. f5 Qg8 34. Kh1 Rg7 35. Qh3
Nf7 36. Rg1 h5 37. Nf4 Ng5 38. Ng6+ Rxg6 39. Qxh5+ Qh7 40. Qxh7+ Kxh7 41. fxg6+
Kxg6 42. Be2 Rh8+ 43. Kg2 Rh2+ 44. Kf1 Ne4 45. Bd3 Rh4 46. Bd2 Kg5 47. Be1 Rh3
48. Kg2 Rh2+ 49. Kf1 Rh3 50. Kg2 Rh2+ 51. Kf1 Rh3 1/2-1/2

[Event "chess.com IoM Masters"]
[Site "Douglas ENG"]
[Date "2017.09.24"]
[Round "2.17"]
[White "Xiong, Jeffery"]
[Black "Kojima, Shinya"]
[Result "1-0"]
[WhiteTitle "GM"]
[BlackTitle "IM"]
[WhiteElo "2633"]
[BlackElo "2403"]
[WhiteFideId "2047640"]
[BlackFideId "7000812"]
[EventDate "2017.09.23"]

1. d4 d5 2. c4 c6 3. Nf3 Nf6 4. e3 Bf5 5. Nc3 a6 6. Bd2 e6 7. Nh4 Bg4 8. Qb3 b5
9. cxd5 exd5 10. h3 Be6 11. Qc2 g6 12. Nf3 Nbd7 13. Bd3 c5 14. dxc5 Nxc5 15. Nd4
Rc8 16. Rd1 Bd6 17. a3 O-O 18. b4 Nxd3+ 19. Qxd3 Rc4 20. O-O Bb8 21. f4 Qc7 22.
Nce2 Rc8 23. Bc1 Ne4 24. Bb2 Qd6 25. Ba1 Bc7 26. Nf3 Bb6 27. Ne5 Rc2 28. Nd4
R2c7 29. f5 Qxe5 30. Nxb5 Nc3 31. Nxc3 Rxc3 32. fxe6 fxe6 33. Bxc3 Qxe3+ 34. Kh1
Rxc3 35. Qxa6 1-0

[Event "chess.com IoM Masters"]
[Site "Douglas ENG"]
[Date "2017.09.24"]
[Round "2.18"]
[White "Woellermann, Jan"]
[Black "Shirov, Alexei"]
[Result "0-1"]
[BlackTitle "GM"]
[WhiteElo "2384"]
[BlackElo "2630"]
[WhiteFideId "24661155"]
[BlackFideId "2209390"]
[EventDate "2017.09.23"]

1. d4 d5 2. c4 c6 3. Nf3 Nf6 4. e3 Bg4 5. h3 Bh5 6. g4 Bg6 7. Ne5 e6 8. Nd2 Nbd7
9. Nxg6 hxg6 10. Bg2 Bd6 11. O-O O-O 12. h4 dxc4 13. Nxc4 Bc7 14. b3 Nd5 15. g5
b5 16. Nd2 Qe7 17. Nf3 e5 18. dxe5 Nxe5 19. Bb2 Rad8 20. Qe2 Ng4 21. Rfe1 Ba5
22. Red1 Bb6 23. Bd4 c5 24. Bb2 c4 25. Bd4 Nf4 26. Qc2 Nd3 27. Bxb6 axb6 28.
bxc4 Ngxf2 29. Rd2 Nb4 30. Qb3 bxc4 31. Qxc4 Nfd3 32. Re2 Rc8 33. Qd4 Nc1 0-1

[Event "chess.com IoM Masters"]
[Site "Douglas ENG"]
[Date "2017.09.24"]
[Round "2.19"]
[White "Bok, Benjamin"]
[Black "Eggleston, David J"]
[Result "1-0"]
[WhiteTitle "GM"]
[BlackTitle "IM"]
[WhiteElo "2620"]
[BlackElo "2400"]
[WhiteFideId "1017063"]
[BlackFideId "412120"]
[EventDate "2017.09.23"]

1. c4 Nf6 2. Nc3 e6 3. Nf3 Bb4 4. Qc2 O-O 5. e3 b6 6. Be2 Bb7 7. O-O d5 8. b3
Nbd7 9. Bb2 Re8 10. a3 Bf8 11. d4 c5 12. dxc5 bxc5 13. Rfd1 Rc8 14. Rac1 Qc7 15.
Na4 Qb8 16. Ne1 Bd6 17. g3 Ba8 18. Bf3 h5 19. Bg2 h4 20. Nc3 hxg3 21. hxg3 Nb6
22. a4 dxc4 23. Bxa8 Nxa8 24. bxc4 a6 25. Nf3 Nb6 26. Ne4 Nxe4 27. Qxe4 Be7 28.
Qg4 Bf8 29. Ng5 f6 30. Ne4 Nd7 31. Ba1 Ne5 32. Nxf6+ Kf7 33. Bxe5 Qxe5 34. Nxe8
Rxe8 35. Rd7+ Kg8 36. Qg6 Rb8 37. Rcd1 1-0

[Event "chess.com IoM Masters"]
[Site "Douglas ENG"]
[Date "2017.09.24"]
[Round "2.20"]
[White "Krishna, C R G"]
[Black "Sethuraman, S.P."]
[Result "1/2-1/2"]
[WhiteTitle "IM"]
[BlackTitle "GM"]
[WhiteElo "2367"]
[BlackElo "2617"]
[WhiteFideId "5018625"]
[BlackFideId "5021596"]
[EventDate "2017.09.23"]

1. d4 Nf6 2. Nf3 d5 3. e3 g6 4. c4 e6 5. Nbd2 Bg7 6. b4 O-O 7. Bd3 a5 8. b5 b6
9. Ba3 Re8 10. O-O Nbd7 11. Qc2 Bb7 12. Rac1 dxc4 13. Nxc4 Bxf3 14. gxf3 Nd5 15.
Be2 Bf8 16. Bxf8 Rxf8 17. f4 Rc8 18. Ne5 Nxe5 19. dxe5 Qe7 20. Bf3 Nb4 21. Qc4
Rfd8 22. Bb7 Rb8 23. Be4 Rd7 24. Rfd1 Rbd8 25. Rxd7 Rxd7 26. a3 Nd5 27. Rd1 Qh4
28. Rd3 Qd8 29. Bxd5 Rxd5 30. Rxd5 exd5 31. Qc6 Kg7 32. e6 1/2-1/2

[Event "chess.com IoM Masters"]
[Site "Douglas ENG"]
[Date "2017.09.24"]
[Round "2.21"]
[White "Bindrich, Falko"]
[Black "Bellin, Robert"]
[Result "1-0"]
[WhiteTitle "GM"]
[BlackTitle "IM"]
[WhiteElo "2598"]
[BlackElo "2344"]
[WhiteFideId "4676670"]
[BlackFideId "400343"]
[EventDate "2017.09.23"]

1. d4 f5 2. g3 Nf6 3. Bg2 e6 4. Nf3 Be7 5. O-O O-O 6. c4 Ne4 7. Qc2 Bf6 8. b3 c5
9. Bb2 Nc6 10. dxc5 Bxb2 11. Qxb2 Qf6 12. Qxf6 gxf6 13. Nfd2 Nxc5 14. Nc3 a5 15.
e4 fxe4 16. Ndxe4 Nxe4 17. Bxe4 Nd8 18. Rfd1 Nf7 19. c5 Rd8 20. Na4 d5 21. cxd6
Rxd6 22. Rxd6 Nxd6 23. Bf3 Ra6 24. Rc1 b5 25. Nc5 Rb6 26. Ne4 Bb7 27. Nxf6+ Kf7
28. Nd7 1-0

[Event "chess.com IoM Masters"]
[Site "Douglas ENG"]
[Date "2017.09.24"]
[Round "2.22"]
[White "Tari, Aryan"]
[Black "Enkhtuul, Altan-Ulzii"]
[Result "1-0"]
[WhiteTitle "GM"]
[BlackTitle "WGM"]
[WhiteElo "2588"]
[BlackElo "2327"]
[WhiteFideId "1510045"]
[BlackFideId "4901444"]
[EventDate "2017.09.23"]

1. e4 Nf6 2. e5 Nd5 3. d4 d6 4. Nf3 g6 5. Bc4 Nb6 6. Bb3 Bg7 7. Qe2 Nc6 8. a4 a5
9. O-O O-O 10. h3 d5 11. c3 f5 12. Bf4 e6 13. Qe3 Ne7 14. Bc2 c5 15. dxc5 Nc4
16. Qc1 Qc7 17. Re1 Qxc5 18. b3 Nb6 19. Be3 Qc7 20. Na3 Bd7 21. Bd3 Rfc8 22. Bb5
Nc6 23. Qd2 Bf8 24. Nc2 Nb8 25. Ncd4 Nc6 26. Ne2 Re8 27. Nf4 Nc8 28. h4 Nxe5 29.
Nxe5 Bxb5 30. Bd4 Bc6 31. h5 Bh6 32. Nxe6 Bxd2 33. Nxc7 Bxe1 34. Rxe1 Rb8 35.
Nxe8 Bxe8 36. Ng4 Nd6 37. Nf6+ Kf7 38. Nxd5 gxh5 39. Re7+ Kg8 40. Be5 Rd8 41.
Bxd6 Bf7 42. Nf6+ Kg7 43. Be5 Rd1+ 44. Kh2 Kg6 45. Rxb7 Re1 46. Bd4 Rb1 47. Nxh5
Rxb3 48. Nf4+ Kg5 49. Rxf7 Kxf4 50. Rxh7 Ra3 51. Bf6 Ke4 52. Rh4+ Kd5 53. Bd8 1-0

[Event "chess.com IoM Masters"]
[Site "Douglas ENG"]
[Date "2017.09.24"]
[Round "2.23"]
[White "Ledger, Andrew J"]
[Black "Ju, Wenjun"]
[Result "1/2-1/2"]
[WhiteTitle "IM"]
[BlackTitle "GM"]
[WhiteElo "2361"]
[BlackElo "2574"]
[WhiteFideId "400610"]
[BlackFideId "8603006"]
[EventDate "2017.09.23"]

1. c4 Nf6 2. Nf3 e6 3. Nc3 d5 4. e3 a6 5. b3 b6 6. Bb2 Bd6 7. g3 Bb7 8. Bg2 O-O
9. O-O Nbd7 10. d4 Ne4 11. cxd5 exd5 12. Nxe4 dxe4 13. Nd2 f5 14. Nc4 Nf6 15.
Rc1 Qe7 16. Qd2 Nd5 17. a3 h5 18. Qe2 g6 19. Ne5 Kh7 20. f3 Nf6 21. Nc6 Qe8 22.
d5 Nxd5 23. fxe4 Bxc6 24. Rxc6 Qxc6 25. Rxf5 Rxf5 26. exf5 Bc5 27. fxg6+ Qxg6
28. Bxd5 Re8 29. Kg2 Rxe3 30. Qc4 Re1 31. Bd4 Bxd4 32. Qxd4 Qg4 33. Qd3+ Qg6 34.
Bg8+ Kg7 35. Qc3+ Kxg8 36. Qxe1 Qc2+ 37. Kg1 Qxb3 38. Qe8+ Kg7 39. Qe5+ Kg6 40.
Qxc7 Qe3+ 41. Kg2 Qe2+ 42. Kg1 Qd1+ 43. Kf2 Qd2+ 44. Kf3 Qd5+ 45. Kf4 Qf5+ 46.
Ke3 Qe6+ 47. Kd4 b5 48. Qc2+ Kf6 49. Qc7 Kg6 50. Qc2+ Kf6 51. Qc7 Qg4+ 52. Ke3
Qg5+ 53. Qf4+ Qxf4+ 54. Kxf4 a5 55. Ke4 b4 56. axb4 axb4 57. h3 b3 58. Kd3 Ke5
59. Kc3 Ke4 60. g4 hxg4 61. hxg4 1/2-1/2

[Event "chess.com IoM Masters"]
[Site "Douglas ENG"]
[Date "2017.09.24"]
[Round "2.24"]
[White "Sunilduth Lyna, Narayanan"]
[Black "Ojas, Kulkarni"]
[Result "1-0"]
[WhiteTitle "GM"]
[WhiteElo "2568"]
[BlackElo "2289"]
[WhiteFideId "5058422"]
[BlackFideId "25040073"]
[EventDate "2017.09.23"]

1. Nf3 Nf6 2. c4 c5 3. Nc3 d5 4. cxd5 Nxd5 5. e3 Nxc3 6. bxc3 g6 7. Bb5+ Bd7 8.
Qb3 Nc6 9. Ba3 e6 10. O-O c4 11. Qb2 Bxa3 12. Qxa3 Qa5 13. Qb2 Qb6 14. Rab1 Qc5
15. Qc2 a6 16. Qa4 Qa7 17. Bxc6 Bxc6 18. Qxc4 Bxf3 19. gxf3 O-O 20. Qc7 b5 21.
Qxa7 Rxa7 22. Rfc1 Rd8 23. Rc2 Rad7 24. Rbb2 Rc7 25. a4 Rc5 26. axb5 axb5 27. f4
Rb8 28. Rb4 Ra8 29. Rcb2 Ra1+ 30. Kg2 Rd1 31. Rd4 Kg7 32. Ra2 Rc7 33. Ra8 Rb7
34. Rad8 Kf6 35. Rb4 Ra7 36. Rb2 h5 37. Kf3 Ke7 38. Rb8 Rd7 39. Ke2 Rh1 40.
R8xb5 Rxh2 41. Rb1 h4 42. Rb7 Rxb7 43. Rxb7+ Kf6 44. Rb1 e5 45. fxe5+ Kxe5 46.
Rg1 Kf5 47. c4 g5 48. c5 1-0

[Event "chess.com IoM Masters"]
[Site "Douglas ENG"]
[Date "2017.09.24"]
[Round "2.25"]
[White "Jessel, Stephen"]
[Black "Lenderman, Aleksandr"]
[Result "0-1"]
[WhiteTitle "FM"]
[BlackTitle "GM"]
[WhiteElo "2334"]
[BlackElo "2565"]
[WhiteFideId "628859"]
[BlackFideId "2021285"]
[EventDate "2017.09.23"]

1. Nf3 d5 2. c4 c6 3. g3 Nf6 4. Bg2 Bf5 5. cxd5 cxd5 6. Qb3 Nc6 7. O-O e5 8. Nc3
a6 9. d3 h6 10. e4 dxe4 11. dxe4 Be6 12. Qc2 Bc5 13. Rd1 Nd7 14. Nd5 Rc8 15. Qe2
Bg4 16. Be3 Nd4 17. Bxd4 Bxd4 18. Rac1 Rxc1 19. Rxc1 O-O 20. Qd2 Bxf3 21. Bxf3
Nb6 22. Nxb6 Qxb6 23. Bg4 g6 24. Rc8 Rxc8 25. Bxc8 Qc6 26. Bh3 Qxe4 27. b3 h5
28. Bf1 Qf5 29. h4 Qf3 30. Bg2 Qxg3 31. Kf1 Qxh4 32. Bxb7 a5 33. Qe2 Qf4 34. Bd5
Kg7 35. Qf3 Qxf3 36. Bxf3 f5 37. Bc6 e4 38. Kg2 Kf6 39. Be8 h4 40. f4 exf3+ 41.
Kxf3 g5 0-1

[Event "chess.com IoM Masters"]
[Site "Douglas ENG"]
[Date "2017.09.24"]
[Round "2.26"]
[White "Zwahr, Paul"]
[Black "Deac, Bogdan-Daniel"]
[Result "0-1"]
[WhiteTitle "FM"]
[BlackTitle "GM"]
[WhiteElo "2306"]
[BlackElo "2559"]
[WhiteFideId "24609749"]
[BlackFideId "1226380"]
[EventDate "2017.09.23"]

1. e4 e6 2. d4 d5 3. Nc3 Nf6 4. e5 Nfd7 5. f4 c5 6. Nf3 Nc6 7. Be3 Be7 8. Qd2
O-O 9. dxc5 Nxc5 10. O-O-O Rb8 11. Qf2 Qa5 12. Kb1 Na4 13. Nxa4 Qxa4 14. Nd4 Bd7
15. Bd3 Nb4 16. a3 Nxd3 17. Rxd3 Rfc8 18. g4 b5 19. Rf1 b4 20. b3 bxa3 21. Ka2
Qa6 22. f5 Bf8 23. h4 Rb7 24. h5 Rbc7 25. Rd2 Bb4 26. Re2 Bb5 27. Nxb5 Qxb5 28.
Rc1 a5 29. Bd4 a4 30. Re3 h6 31. g5 hxg5 32. h6 axb3+ 33. Rxb3 Qc4 34. c3 Bf8
35. hxg7 Bxg7 36. f6 Rb7 37. Bb6 Rcb8 38. Kxa3 Qa6+ 0-1

[Event "chess.com IoM Masters"]
[Site "Douglas ENG"]
[Date "2017.09.24"]
[Round "2.27"]
[White "Swapnil, S. Dhopade"]
[Black "L'Ami, Alina"]
[Result "1-0"]
[WhiteTitle "GM"]
[BlackTitle "IM"]
[WhiteElo "2532"]
[BlackElo "2286"]
[WhiteFideId "5019184"]
[BlackFideId "1210246"]
[EventDate "2017.09.23"]

1. d4 Nf6 2. Nf3 g6 3. g3 Bg7 4. Bg2 O-O 5. O-O d6 6. b3 e5 7. dxe5 dxe5 8. Ba3
Re8 9. Qxd8 Rxd8 10. Nc3 Nc6 11. Rad1 Bf5 12. Nh4 Bxc2 13. Rxd8+ Rxd8 14. Bxc6
bxc6 15. Rc1 Be4 16. Be7 Rd7 17. Bxf6 Bxf6 18. Nxe4 Bxh4 19. gxh4 Rd4 20. Rc4
Rd1+ 21. Kg2 f5 22. Nf6+ Kg7 23. Rxc6 Rd2 24. e3 Rxa2 25. Nd5 a5 26. Rxc7+ Kg8
27. Nf6+ Kf8 28. Nxh7+ Ke8 29. Nf6+ Kd8 30. Rd7+ Kc8 31. Rg7 1-0

[Event "chess.com IoM Masters"]
[Site "Douglas ENG"]
[Date "2017.09.24"]
[Round "2.28"]
[White "Babar, Michael"]
[Black "Harika, Dronavalli"]
[Result "0-1"]
[WhiteTitle "FM"]
[BlackTitle "GM"]
[WhiteElo "2130"]
[BlackElo "2528"]
[WhiteFideId "4615450"]
[BlackFideId "5015197"]
[EventDate "2017.09.23"]

1. g3 g6 2. Bg2 Bg7 3. Nf3 d6 4. d4 Nf6 5. O-O O-O 6. c4 Nbd7 7. Nc3 e5 8. e3 c6
9. Qc2 Re8 10. dxe5 dxe5 11. e4 Qc7 12. h3 Nf8 13. Be3 h6 14. Rfd1 Be6 15. b3
N6d7 16. Rac1 Qc8 17. Kh2 g5 18. Na4 Ng6 19. c5 g4 20. hxg4 Nf6 21. Kg1 Nxg4 22.
Bd2 f5 23. Nh2 f4 24. Nxg4 Bxg4 25. f3 Be6 26. Be1 h5 27. Nb2 Bf8 28. Qf2 Rd8
29. Nc4 Bxc4 30. bxc4 Qe6 31. Kh2 fxg3+ 32. Qxg3 Bh6 33. Bh3 Qf6 34. Kh1 Bf4 35.
Qg2 Bxc1 36. Rxc1 Kh8 37. Bf5 Nh4 38. Qh3 Nxf5 39. exf5 Rd7 40. Bh4 Qh6 41. f4
exf4 42. Qc3+ Kh7 43. Qc2 Rg8 44. Be7 f3 45. f6+ Qg6 46. f7 Qxc2 0-1